000 00881nam a2200265Ia 4500
003 OSt
005 20220928124404.0
006 a|||||r|||| 00| 0
007 ta
008 220927b |||||||| |||| 00| 0 eng d
020 _cUSD 200.00
024 _a142199
037 _b1108169, 24/01/2020, Atlantic Publishers and Distributors
_cTextual
040 _aSDCL
_cSDCL
_beng
041 _2eng
_aeng
082 _aD6,8(X),22:8, Q9
100 _aFavero Luiz Paulo
_9464812
245 0 _aData science for business and decision making
260 _aLondon
_bAcademic Press
_c2019
300 _axvi,1227p.
_ccm.
650 _aOperational Research
700 _a Belfiore Patricia
_9464813
942 _hD6,8(X),22:8, Q9
_cTEXL
_2CC
999 _c777709
_d777709